Variational methods in image segmentation : with seven image processing experiments
Saved in:
| Main Author: | |
|---|---|
| Other Authors: | |
| Format: | Book |
| Language: | English |
| Published: |
Basel ; Boston :
Birkhauser,
c1995
|
| Series: | Progress in nonlinear differential equations and their applications ;
; 14 |
| Subjects: | |
| Tags: |
Add Tag
No Tags, Be the first to tag this record!
|
MARC
| LEADER | 00000nam a2200000 i 4500 | ||
|---|---|---|---|
| 001 | 1/76675 | ||
| 008 | 990527s1995 eng d | ||
| 020 | |a 3-7643-3720-6 | ||
| 035 | |l 10049669 | ||
| 040 | |a GR-MY-UA |b gre |e aacr | ||
| 041 | 0 | |a eng | |
| 082 | 0 | |a 621.367 | |
| 100 | 1 | |a Morel, Jean-Michel |d 1953- | |
| 245 | 1 | 0 | |a Variational methods in image segmentation : |b with seven image processing experiments / |c Jean-Michel Morel, Sergio Solimini |
| 260 | |a Basel ; Boston : |b Birkhauser, |c c1995 | ||
| 300 | |a xvi, 245 p.; |b ill.; |c 25 cm. | ||
| 490 | 1 | |a Progress in nonlinear differential equations and their applications |v ; 14 | |
| 500 | |a Includes bibliographical references and index | ||
| 650 | 0 | 0 | |a Image processing |x Digital techniques |x Mathematics. |
| 650 | 0 | 0 | |a Geometric measure theory. |
| 700 | 1 | |a Solimini, Sergio |d 1956- | |
| 830 | 0 | |a Progress in nonlinear differential equations and their applications ; |v ; 14 | |
| 852 | |a INST |b SAMOS |e 19990527 |h 621.367 MOR |p 005300014857 |q 005300014857 |t BK |y 0 | ||
| 901 | |a BIBL3-1999-2 | ||
| 909 | |a Σ |b 064575 | ||
| 922 | |a 3ΕΛΗ |b 199903 |c ΚΠΣ |d GLORY | ||